Hồ Chí Minh nhà thơ lớn của dân tộc

Zapisane w:
Opis bibliograficzny
1. autor: Hà Minh Đức
Format: Książka
Język:Undetermined
Wydane: Hà Nội Giáo Dục 1978
Hasła przedmiotowe:
Etykiety: Dodaj etykietę
Nie ma etykietki, Dołącz pierwszą etykiete!
Thư viện lưu trữ: Trung tâm Học liệu Trường Đại học Cần Thơ
LEADER 00521nam a2200169Ia 4500
001 CTU_46557
008 210402s9999 xx 000 0 und d
082 |a 808.1 
082 |b Đ552 
100 |a Hà Minh Đức 
245 0 |a Hồ Chí Minh nhà thơ lớn của dân tộc 
245 0 |c Hà Minh Đức 
260 |a Hà Nội 
260 |b Giáo Dục 
260 |c 1978 
650 |a ho chi minh,vietnamese poetry - history and criticism 
980 |a Trung tâm Học liệu Trường Đại học Cần Thơ